Statistiques concernant Personnages historiques commençant par un G.

Cliquez ici pour prendre le quiz!

Statistiques générales

  • Ce quiz a été pris 725 fois
  • Le résultat moyen est 8 sur 12

Statistiques - réponses

Réponse% Correct
Charles de Gaulle
98%
Mahatma Gandhi
98%
Vincent van Gogh
94%
Mikhaïl Gorbatchev
89%
Gutenberg
86%
Gengis Khan
73%
Vasco de Gama
69%
Guillaume Le Conquérant
57%
Johann Wolfgang von Goethe
57%
Guiseppe Garibaldi
37%
Léon Gambetta
19%
Joseph Gallieni
14%

Distribution des résultats

Percentile par nombre de réponses

% des personnes avec chaque résultat

Votre développement - résultats

Vous n’avez pas pris ce quiz